书目信息 |
| 题名: |
基于ARM的电动机控制技术
|
|
| 作者: | 杨旭强 , 金钊 , 吴红星 编著 | |
| 分册: | ||
| 出版信息: | 北京 中国电力出版社 2008 |
|
| 页数: | 414页 | |
| 开本: | 21cm | |
| 丛书名: | 电动机智能化控制技术丛书 | |
| 单 册: | ||
| 中图分类: | TM320.12 | |
| 科图分类: | ||
| 主题词: | 电动机--控制系统 , 控制系统 , 电动机 | |
| 电子资源: | ||
| ISBN: | 978-7-5083-6809-2 | |
| 000 | 01050oam2 2200289 450 | |
| 001 | 139258 | |
| 005 | 20140911095242.67 | |
| 010 | @a978-7-5083-6809-2@dCNY 25.00 | |
| 100 | @a20080908d2008 em y0chiy50 ea | |
| 101 | 0 | @achi |
| 102 | @aCN@b110000 | |
| 105 | @ay z 000yy | |
| 200 | 1 | @a基于ARM的电动机控制技术@Aji yu ARM de dian dong ji kong zhi ji shu@b专著@f杨旭强,吴红星,金钊编著 |
| 210 | @a北京@c中国电力出版社@d2008 | |
| 215 | @a414页@d21cm | |
| 225 | 2 | @a电动机智能化控制技术丛书 |
| 330 | @a本书内容包括:ARM的技术基础,ARM的编程方式与原理、ARM集成开发环境、电动机驱动控制系统、基于ARM的交流永磁同步电动机控制系统、基于ARM的感应电机控制系统、基于ARM的步进电机控制系统、基于ARM的直流电机控制系统、基于ARM的控制系统集成等。 | |
| 410 | 0 | @1001003922743 |
| 606 | 0 | @a电动机@x控制系统 |
| 606 | 0 | @a控制系统 |
| 606 | 0 | @a电动机 |
| 690 | @aTM320.12@v4 | |
| 701 | 0 | @a杨旭强@Ayang xu qiang@4编著 |
| 701 | 0 | @a金钊@Ajin zhao@4编著 |
| 701 | 0 | @a吴红星@Awu hong xing@4编著 |
| 801 | 0 | @c20140911 |
| 905 | @a241430@dTM320.12@eY300 | |
| 基于ARM的电动机控制技术/杨旭强,吴红星,金钊编著.-北京:中国电力出版社,2008 |
| 414页;21cm.-(电动机智能化控制技术丛书) |
| ISBN 978-7-5083-6809-2:CNY 25.00 |
| 本书内容包括:ARM的技术基础,ARM的编程方式与原理、ARM集成开发环境、电动机驱动控制系统、基于ARM的交流永磁同步电动机控制系统、基于ARM的感应电机控制系统、基于ARM的步进电机控制系统、基于ARM的直流电机控制系统、基于ARM的控制系统集成等。 |
| ● |
| 相关链接 |
|
|
|
正题名:基于ARM的电动机控制技术
索取号:TM320.12/Y300
 
预约/预借
| 序号 | 登录号 | 条形码 | 馆藏地/架位号 | 状态 | 备注 |
| 1 | 0829934 | 208299349 | 自科库301/301自科库 11排4列2层/ [索取号:TM320.12/Y300] | 在馆 | |
| 2 | 0829935 | 208299358 | 自科库301/301自科库 11排4列2层/ [索取号:TM320.12/Y300] | 在馆 | |
| 3 | 0829936 | 208299367 | 自科二线404/404自科库 18排6列2层/ [索取号:TM320.12/Y300] | 在馆 |